County map of the state of California
Saved in:
| Main Author: | |
|---|---|
| Corporate Authors: | , |
| Format: | Electronic |
| Language: | English |
| Published: |
[1880].
|
| Series: | David Rumsey Collection digital maps
|
| Subjects: | |
| Tags: |
Add Tag
No Tags, Be the first to tag this record!
|
| LEADER | 01824nea a2200397Ka 4500 | ||
|---|---|---|---|
| 001 | 012024944-8 | ||
| 005 | 20090630193809.0 | ||
| 008 | 060607t18801879paud a s 0 eng d | ||
| 034 | 1 | |a a |b 2400000 |d W1242500 |e W1140700 |f N0420000 |g N0323200 | |
| 034 | 1 | |a a |b 24400 |d W1222800 |e W1222800 |f N0374700 |g N0374700 | |
| 035 | 0 | |a ocm70000714 | |
| 040 | |a CUY |c CUY | ||
| 043 | |a n-us-ca | ||
| 052 | |a 4360 | ||
| 052 | |a 4364 |b S5 | ||
| 100 | 1 | |a Mitchell, S. Augustus |q (Samuel Augustus), |d 1792-1868. | |
| 245 | 1 | 0 | |a County map of the state of California |h [electronic resource]. |
| 255 | |a Scale [ca. 1:2,400,000] |c (W 124⁰25ʹ--W 114⁰07ʹ/N 42⁰00ʹ--N 32⁰32ʹ). | ||
| 260 | |c [1880]. | ||
| 500 | |a Relief shown by hachures. | ||
| 500 | |a Insets: San Francisco. Scale [ca. 1:24,400] -- San Francisco Bay and vicinity. | ||
| 500 | |a Shows settlements, railroads, rivers, etc.; San Francisco map shows wards, major buildings, aqueduct, etc. | ||
| 500 | |a Prime meridians: Greenwich and Washington. | ||
| 500 | |a "Entered according to Act of Congress in the year 1879 by S. Augustus Mitchell in the office of the Librarian of Congress at Washington." | ||
| 500 | |a Scanned raster image of original: 1 map : hand col. ; 52 x 39 cm. | ||
| 500 | |a Original in the David Rumsey Collection; scanned by Cartography Associates. | ||
| 651 | 0 | |a California |v Maps. | |
| 651 | 0 | |a San Francisco (Calif.) |v Maps. | |
| 740 | 0 | 2 | |a San Francisco. |
| 740 | 0 | 2 | |a San Francisco Bay and vicinity. |
| 710 | 2 | |a David Rumsey Collection. | |
| 710 | 2 | |a Cartography Associates. | |
| 773 | 0 | |a Mitchell, S. Augustus (Samuel Augustus), 1792-1868. |t Mitchell's new general atlas. |d Philadelphia : S. Augustus Mitchell, 1880, c1879. |g p. 96-97. |w (OCoLC)69371482 | |
| 830 | 0 | |a David Rumsey Collection digital maps |5 net | |
| 988 | |a 20090630 | ||
| 906 | |0 OCLC | ||


